| 000 | 00571nam a22001817a 4500 | ||
|---|---|---|---|
| 999 |
_c189658 _d189658 |
||
| 005 | 20220708162510.0 | ||
| 010 | _aENG-133453 | ||
| 020 |
_a9789390961290 _c1995.00 |
||
| 035 | _aEN-116985 | ||
| 037 | _bDBAD/PUB | ||
| 082 | _a342.540662 | ||
| 100 | _aSharma, M L | ||
| 245 |
_aRight to information and jurisprudence/ _cM L Sharma |
||
| 260 |
_aNew Delhi _bRenu Kaul Verma, Vitasta publishing pvt. ltd. _c2022 |
||
| 270 |
_bNew Delhi _e110002 _a2/15,Ansari road,Daryaganj |
||
| 300 |
_axx,890p. _c25cm(hb) _bIndex |
||
| 942 |
_2ddc _cEN _h342.540662 _mSHA |
||